000 00533nam a2200181Ia 4500
003 OSt
005 20201109100342.0
008 190216s9999||||xx |||||||||||||| ||und||
020 _a9788125909347
040 _coclc
082 _a541.2245
_bGOP/C
100 _aGopalan, R
_94131
245 0 _aConcise Coordination Chemistry /
_cR Gopalan ; V Ramalingam
260 _bVikas Publishing House,
_c2001.
_aNew Delhi:
300 _a403p
650 _aChemistry
942 _cBK
_2ddc
_h541.2245
_iGOP/C
_k541.2245
_mGOP/C
999 _c3532
_d3532